Top 3 Largest Cities by A State Quiz Stats

 Plays Quiz not verified by Sporcle

Support Sporcle.
Go Orange.
Score 0/12 Timer 03:00
0 Plays Today
Hint City % Correct
ArizonaPhoenix
95.7%
AlabamaMontgomery
93.6%
AlaskaAnchorage
93.6%
ArkansasLittle Rock
93.6%
AlaskaJuneau
92.1%
AlabamaBirmingham
91.4%
ArizonaTucson
89.3%
AlabamaMobile
80.7%
AlaskaFairbanks
80.7%
ArizonaMesa
80%
ArkansasFayetteville
62.9%
ArkansasFort Smith
58.6%

You're not logged in!

Compare scores with friends on all Sporcle quizzes.
OR
Log In

From the Vault

Toronto Blue Jays 25+ HRs Single Season

by jgrub7

So... They know they could have picked a red bird to match the flag, right?
Remove Ads.
Support Sporcle.
Get the best of Sporcle when you Go Orange. This ad-free experience offers more features, more stats, and more fun while also helping to support Sporcle. Thank you for becoming a member.

Show Comments

Extras

Top Quizzes Today


Score Distribution

Your Account Isn't Verified!

In order to create a playlist on Sporcle, you need to verify the email address you used during registration. Go to your Sporcle Settings to finish the process.

Report this User

Report this user for behavior that violates our Community Guidelines.

Details: